[Event "Moscow Open G Student w 2014"]
[Site "Moscow RUS"]
[Date "2014.02.01"]
[Round "1.1"]
[White "Daulyte, Deimante"]
[Black "Wang, Jue"]
[Result "1/2-1/2"]
[WhiteTitle "WGM"]
[BlackTitle "WGM"]
[WhiteElo "2355"]
[BlackElo "2386"]
[WhiteFideId "12802859"]
[BlackFideId "8604070"]
[EventDate "2014.02.01"]

1. e4 c5 2. Nf3 d6 3. d4 cxd4 4. Nxd4 Nf6 5. Nc3 a6 6. Be2 e5 7. Nb3 Be7 8. O-O
O-O 9. Re1 Be6 10. Bf3 Nbd7 11. a4 Rc8 12. a5 h6 13. Be3 Qc7 14. h3 Rfe8 15. Re2
Nf8 16. Rd2 Ng6 17. Nc1 Nh4 18. Be2 Qd7 19. f3 Rc6 20. Nd3 Qc7 21. Bf2 Ng6 22.
Nb4 Rxc3 23. Bb6 Qc8 24. bxc3 Qxc3 25. Na2 Bxa2 26. Rxa2 d5 27. exd5 Bd6 28. Ra4
Rc8 29. Rd3 Qxc2 30. Qxc2 Rxc2 31. Bf1 Nf4 32. Rd1 N4xd5 33. Rc4 Rxc4 34. Bxc4
Nxb6 35. axb6 Bc5+ 36. Kf1 Bxb6 37. Rb1 Nd7 38. Rd1 Bd4 39. f4 b5 40. Bxb5 axb5
41. fxe5 Bxe5 42. Rxd7 b4 43. Rb7 Bc3 44. Ke2 1/2-1/2

[Event "Moscow Open G Student w 2014"]
[Site "Moscow RUS"]
[Date "2014.02.01"]
[Round "1.2"]
[White "Soloviova, Liza"]
[Black "Gvanceladze, Anna"]
[Result "1-0"]
[WhiteTitle "WGM"]
[BlackTitle "WFM"]
[WhiteElo "2308"]
[BlackElo "2217"]
[WhiteFideId "14117665"]
[BlackFideId "4113721"]
[EventDate "2014.02.01"]

1. Nf3 Nf6 2. d3 d5 3. c3 Bf5 4. Nbd2 h6 5. g3 e6 6. Bg2 Be7 7. O-O O-O 8. a3 a5
9. b3 Nbd7 10. Bb2 c6 11. h3 e5 12. Qc2 Bh7 13. e4 Qc7 14. c4 d4 15. Nh4 Rfe8
16. Nf5 Bf8 17. g4 c5 18. Bc1 Ra6 19. Qd1 Nb8 20. Kh1 Nfd7 21. Nf3 a4 22. bxa4
Nb6 23. a5 Nc8 24. Bd2 Nc6 25. N3h4 Nxa5 26. g5 Qd8 27. Nf3 Nd6 28. Ng3 b5 29.
cxb5 Nxb5 30. gxh6 gxh6 31. Nf5 c4 32. Bxa5 Rxa5 33. dxc4 Nc3 34. Qc2 Qc7 35.
Nd2 Rea8 36. Qd3 Kh8 37. Qg3 Ne2 38. Qh4 R8a6 39. Bf3 Nf4 40. a4 Ng6 41. Qh5 Nf4
42. Qh4 Bxf5 43. exf5 Qe7 44. Qg3 Qg5 45. Bg4 h5 46. Ne4 Qh6 47. Bf3 h4 48. Qg4
Qg7 49. Rg1 Rh6 50. Rab1 Ra8 51. Ng5 Re8 52. Rb7 Be7 53. Rxe7 Rxe7 54. f6 Qxf6
55. Qc8+ Kg7 56. Ne6+ 1-0

[Event "Moscow Open G Student w 2014"]
[Site "Moscow RUS"]
[Date "2014.02.01"]
[Round "1.3"]
[White "Saulina, Varvara"]
[Black "Muminova, Nafisa"]
[Result "0-1"]
[WhiteTitle "WFM"]
[BlackTitle "WGM"]
[WhiteElo "2227"]
[BlackElo "2301"]
[WhiteFideId "4194950"]
[BlackFideId "14201526"]
[EventDate "2014.02.01"]

1. e4 e6 2. d4 d5 3. Nc3 Nf6 4. Bg5 Bb4 5. exd5 Qxd5 6. Bxf6 gxf6 7. Nf3 Nc6 8.
Be2 Qa5 9. Qd2 Bd7 10. O-O O-O-O 11. a3 Bxc3 12. bxc3 Ne7 13. Rfb1 Bc6 14. Rb3
Rhg8 15. Rab1 h5 16. Ne1 Nf5 17. Qf4 Rg6 18. Bf3 Bxf3 19. Qxf3 Nd6 20. Nd3 Qd5
21. Qxd5 exd5 22. Nf4 Rg5 23. h4 Rf5 24. Nd3 b6 25. Re1 Kd7 26. g3 Rg8 27. Kg2
Ne4 28. Re2 Kd6 29. Nb2 c5 30. a4 c4 31. Ra3 Rf4 32. Nd1 Rxh4 33. Ne3 Rf4 34. a5
b5 35. a6 Kc6 36. Nf1 h4 37. Ne3 hxg3 38. f3 Ng5 39. Kxg3 Rxf3+ 40. Kg4 Re8 0-1

[Event "Moscow Open G Student w 2014"]
[Site "Moscow RUS"]
[Date "2014.02.01"]
[Round "1.4"]
[White "Tomnikova, Lidia"]
[Black "Severina, Maria"]
[Result "0-1"]
[WhiteTitle "WFM"]
[BlackTitle "WIM"]
[WhiteElo "2195"]
[BlackElo "2210"]
[WhiteFideId "4113110"]
[BlackFideId "4116909"]
[EventDate "2014.02.01"]

1. e4 e5 2. Nf3 Nc6 3. Bb5 a6 4. Ba4 Nf6 5. O-O Be7 6. Re1 b5 7. Bb3 d6 8. c3
O-O 9. d4 Bg4 10. Be3 exd4 11. cxd4 Na5 12. Bc2 Nc4 13. Bc1 c5 14. b3 Nb6 15.
Nbd2 Rc8 16. h3 Bh5 17. dxc5 dxc5 18. e5 Nfd5 19. Bf5 Rc7 20. Ne4 Nb4 21. Bxh7+
Kxh7 22. Nfg5+ Kg6 23. g4 Qxd1 24. Rxd1 Rc6 25. f4 f5 26. exf6 gxf6 27. gxh5+
Kh6 28. Nf3 f5 29. Ng3 c4 30. Ne5 Rc7 31. Ng6 Rg8 32. Nxe7 Rxe7 33. Kh2 Kh7 34.
Ba3 Re3 35. Nxf5 Re2+ 36. Kh1 Nd3 37. Rf1 b4 38. Bc1 Nf2+ 39. Rxf2 Rxf2 40. Be3
Rf3 41. Kh2 Nd5 42. Re1 Nxe3 43. Nxe3 Re8 44. Ng2 Rxe1 45. Nxe1 Rf1 46. Ng2 c3 0-1

[Event "Moscow Open G Student w 2014"]
[Site "Moscow RUS"]
[Date "2014.02.01"]
[Round "1.5"]
[White "Vasilevich, Irina"]
[Black "Arabidze, Meri"]
[Result "1/2-1/2"]
[WhiteTitle "IM"]
[BlackTitle "WGM"]
[WhiteElo "2365"]
[BlackElo "2374"]
[WhiteFideId "4141296"]
[BlackFideId "13604040"]
[EventDate "2014.02.01"]

1. d4 Nf6 2. Nf3 e6 3. g3 d5 4. Bg2 b5 5. a4 b4 6. c4 bxc3 7. bxc3 Ba6 8. O-O
Be7 9. Nbd2 O-O 10. Re1 c5 11. e4 Nc6 12. Ne5 Nxe5 13. dxe5 Nxe4 14. Nxe4 dxe4
15. Qg4 Re8 16. Bxe4 Rc8 17. Bh6 Bf8 18. Rad1 Qc7 19. h4 Red8 20. Rxd8 Rxd8 21.
h5 Kh8 22. Bf4 Bd3 23. Bg5 Rd7 24. Bxd3 Rxd3 25. h6 g6 26. Qe4 Qd7 27. c4 Kg8
28. Kg2 Rd4 29. Qc2 Qc6+ 30. Kg1 Qf3 31. Rb1 Re4 32. Qd1 Re2 33. Be3 Rxe3 34.
fxe3 Qxg3+ 35. Kf1 Qh3+ 36. Ke2 Qh2+ 37. Kd3 Qxe5 38. Qf3 Qd6+ 39. Ke2 Qh2+ 40.
Kd3 Qd6+ 41. Ke2 Qh2+ 42. Kd3 1/2-1/2

[Event "Moscow Open G Student w 2014"]
[Site "Moscow RUS"]
[Date "2014.02.02"]
[Round "2.1"]
[White "Wang, Jue"]
[Black "Arabidze, Meri"]
[Result "1/2-1/2"]
[WhiteTitle "WGM"]
[BlackTitle "WGM"]
[WhiteElo "2386"]
[BlackElo "2374"]
[WhiteFideId "8604070"]
[BlackFideId "13604040"]
[EventDate "2014.02.01"]

1. e4 c5 2. Nf3 d6 3. d4 cxd4 4. Nxd4 Nf6 5. Nc3 g6 6. Be3 Bg7 7. f3 Nc6 8. Qd2
O-O 9. g4 Nxd4 10. Bxd4 Be6 11. Nd5 Rc8 12. h4 Nxd5 13. Bxg7 Ne3 14. Qxe3 Kxg7
15. Bd3 Qa5+ 16. c3 Qc5 17. Qd2 h6 18. Rc1 a5 19. Bb1 b5 20. Ke2 Rfd8 21. Qd4+
Kg8 22. Rhd1 h5 23. g5 Bc4+ 24. Kf2 Qc7 25. Qe3 e5 26. Rd2 Be6 27. Bd3 d5 28.
Bxb5 d4 29. Qe2 Bxa2 30. c4 Bb3 31. Qd3 a4 32. c5 Qa7 33. c6 Qb6 34. Rdc2 Bxc2
35. Rxc2 Rc7 36. Bxa4 Rb8 37. b3 Qb4 38. Rc4 Qe7 39. Qd2 Ra8 40. Kg2 Qd6 41. Qd3
Rb8 42. Qd2 Ra8 43. Qd3 Rb8 44. Qd2 Ra8 1/2-1/2

[Event "Moscow Open G Student w 2014"]
[Site "Moscow RUS"]
[Date "2014.02.02"]
[Round "2.2"]
[White "Severina, Maria"]
[Black "Vasilevich, Irina"]
[Result "1-0"]
[WhiteTitle "WIM"]
[BlackTitle "IM"]
[WhiteElo "2210"]
[BlackElo "2365"]
[WhiteFideId "4116909"]
[BlackFideId "4141296"]
[EventDate "2014.02.01"]

1. d4 d5 2. c4 e6 3. Nc3 Nf6 4. cxd5 exd5 5. Bg5 c6 6. e3 Bf5 7. Qf3 Bg6 8. Bxf6
Qxf6 9. Qxf6 gxf6 10. Nh3 Bd6 11. Nf4 Nd7 12. h4 h5 13. Nce2 Nf8 14. g3 Ke7 15.
Bh3 Rg8 16. Kd2 Ne6 17. Rhc1 Nc7 18. Nd3 a5 19. Nc3 a4 20. b3 Ba3 21. Rcb1 b5
22. Re1 Be4 23. Bf1 Ne8 24. Be2 Bg6 25. Nf4 Nd6 26. Bf3 Bb2 27. Nxg6+ fxg6 28.
Rab1 Bxc3+ 29. Kxc3 axb3 30. axb3 Ra2 31. e4 dxe4 32. Bxe4 Kd7 33. Bd3 f5 34.
Rb2 b4+ 35. Kc2 Rga8 36. Rb1 R8a5 37. Kd2 Rxb2+ 38. Rxb2 Ra1 39. Ke3 Re1+ 40.
Kd2 Ra1 41. Ke3 Ne8 42. Kf4 Rd1 43. Bc4 Rxd4+ 44. Kg5 Nd6 45. Bf1 Ke7 46. Rc2
Nf7+ 47. Kxg6 Rg4+ 48. Kxh5 Rg8 49. Bh3 Rh8+ 50. Kg6 f4 51. Kg7 Rh5 52. Rxc6 Nd6
53. Rc7+ Ke8 54. Kg6 Rd5 55. gxf4 Rd4 56. h5 Rxf4 57. h6 Nf7 58. Rxf7 Rxf7 59.
h7 Rf8 60. Be6 Ke7 61. Bg8 Rf6+ 62. Kg5 1-0

[Event "Moscow Open G Student w 2014"]
[Site "Moscow RUS"]
[Date "2014.02.02"]
[Round "2.3"]
[White "Muminova, Nafisa"]
[Black "Tomnikova, Lidia"]
[Result "1-0"]
[WhiteTitle "WGM"]
[BlackTitle "WFM"]
[WhiteElo "2301"]
[BlackElo "2195"]
[WhiteFideId "14201526"]
[BlackFideId "4113110"]
[EventDate "2014.02.01"]

1. e4 e5 2. Nf3 Nc6 3. d4 exd4 4. Nxd4 Nf6 5. Nxc6 bxc6 6. e5 Qe7 7. Qe2 Nd5 8.
c4 Nb6 9. Nc3 Qe6 10. Qe4 g6 11. Bd3 d5 12. exd6 cxd6 13. O-O Qxe4 14. Bxe4 Bd7
15. Re1 O-O-O 16. Bg5 Re8 17. Bf6 Rg8 18. b3 Re6 19. Bd4 c5 20. Be3 Bg7 21. Bd2
Rge8 22. Bf3 Rxe1+ 23. Rxe1 Rxe1+ 24. Bxe1 Be5 25. Kf1 Bf5 26. Ke2 Bxc3 27. Bxc3
Bb1 28. Kd2 Kc7 29. a4 Nd7 30. Bd5 f5 31. Bg8 h6 32. Bg7 Ne5 33. f3 h5 34. Bh7
f4 35. Bh6 Nc6 36. Kc1 Bd3 37. Bxf4 Nd4 38. Kb2 Bf1 39. Bxg6 Bxg2 40. Bxh5 Nxf3
41. Bf7 Bh3 42. Bd5 Nd4 43. b4 Ne2 44. Bd2 cxb4 45. Bxb4 Nf4 46. Be4 Be6 47. Bd2
Nh5 48. Bf3 Nf6 49. Kc3 d5 50. Bf4+ Kb6 51. Be5 Ne4+ 52. Kd4 Nd2 53. Bxd5 Nb3+
54. Kc3 Bxd5 55. cxd5 Nc5 56. Bd4 1-0

[Event "Moscow Open G Student w 2014"]
[Site "Moscow RUS"]
[Date "2014.02.02"]
[Round "2.4"]
[White "Gvanceladze, Anna"]
[Black "Saulina, Varvara"]
[Result "0-1"]
[WhiteTitle "WFM"]
[BlackTitle "WFM"]
[WhiteElo "2217"]
[BlackElo "2227"]
[WhiteFideId "4113721"]
[BlackFideId "4194950"]
[EventDate "2014.02.01"]

1. d4 Nf6 2. Nf3 d5 3. c4 e6 4. Nc3 Be7 5. Bg5 O-O 6. Bxf6 Bxf6 7. cxd5 exd5 8.
e3 Re8 9. Bd3 c5 10. dxc5 d4 11. Ne4 dxe3 12. Nxf6+ Qxf6 13. O-O Nc6 14. fxe3
Bg4 15. Qb3 Rad8 16. Rf2 Qh6 17. Bc4 Rd7 18. Bxf7+ Rxf7 19. Ng5 Be6 20. Nxf7 Qg6
21. Qxb7 Bxf7 22. Raf1 Bd5 23. b4 Qe4 24. b5 Ne5 25. Qc7 Qxe3 26. c6 Bc4 27. g3
Nf3+ 28. Kg2 Bxf1+ 29. Rxf1 Ne1+ 30. Rxe1 Qxe1 0-1

[Event "Moscow Open G Student w 2014"]
[Site "Moscow RUS"]
[Date "2014.02.02"]
[Round "2.5"]
[White "Daulyte, Deimante"]
[Black "Soloviova, Liza"]
[Result "1-0"]
[WhiteTitle "WGM"]
[BlackTitle "WGM"]
[WhiteElo "2355"]
[BlackElo "2308"]
[WhiteFideId "12802859"]
[BlackFideId "14117665"]
[EventDate "2014.02.01"]

1. e4 d6 2. d4 Nf6 3. Nc3 e5 4. Nf3 Nbd7 5. Bc4 Be7 6. O-O O-O 7. Re1 c6 8. a4
b6 9. b3 a6 10. Bb2 Bb7 11. Bd3 Re8 12. Ne2 Bf8 13. Ng3 g6 14. Qd2 exd4 15. Nxd4
Bg7 16. Rad1 Ne5 17. f4 Nxd3 18. cxd3 b5 19. Nf3 c5 20. f5 bxa4 21. bxa4 Rb8 22.
Bc3 Bc6 23. Qa2 d5 24. e5 Ng4 25. f6 Bh6 26. Bd2 d4 27. Bxh6 Bxf3 28. gxf3 Nxe5
29. Rxe5 Rxe5 30. Bf4 Qxf6 31. Bxe5 Qxe5 32. Qe2 Qg5 33. Qd2 Qf6 34. Kg2 h5 35.
Ne4 Qe5 36. Rc1 Rc8 37. Qg5 Qe6 38. Rxc5 Qa2+ 39. Kg3 Re8 40. Nf6+ Kg7 41. Nxh5+
Kf8 42. Re5 1-0

[Event "Moscow Open G Student w 2014"]
[Site "Moscow RUS"]
[Date "2014.02.03"]
[Round "3.1"]
[White "Soloviova, Liza"]
[Black "Wang, Jue"]
[Result "1/2-1/2"]
[WhiteTitle "WGM"]
[BlackTitle "WGM"]
[WhiteElo "2308"]
[BlackElo "2386"]
[WhiteFideId "14117665"]
[BlackFideId "8604070"]
[EventDate "2014.02.01"]

1. d4 Nf6 2. c4 g6 3. Nf3 Bg7 4. Nc3 d6 5. e3 O-O 6. Be2 Nbd7 7. O-O e5 8. b4
Re8 9. Qc2 c6 10. a4 Nf8 11. d5 e4 12. Nd4 cxd5 13. cxd5 Bd7 14. Ba3 Rc8 15. Qb3
Bg4 16. Bb5 Re5 17. Rfc1 Rg5 18. a5 Bh3 19. Bf1 Qd7 20. Nce2 Rxc1 21. Rxc1 Nxd5
22. Ng3 Bxd4 23. gxh3 Bf6 24. h4 Re5 25. Bc4 Nc7 26. Bb2 d5 27. Bxe5 Bxe5 28.
Be2 Nfe6 29. b5 d4 30. Nxe4 dxe3 31. Qxe3 Qe7 32. Qxa7 Nd4 33. Bd3 Nf3+ 34. Kg2
Nxh4+ 35. Kf1 Qd7 36. Rd1 Qg4 37. Bc2 Qh3+ 38. Ke1 Nf3+ 39. Ke2 Nxb5 40. Qe3
Nbd4+ 41. Kd3 Qd7 42. Nc3 Nf5+ 43. Ke2 Qxd1+ 44. Bxd1 Nxe3 45. Kxe3 Nxh2 46. Nd5
h5 47. f4 Bd6 48. Kd4 h4 49. Be2 f5 50. Kc4 Kf7 51. Kb5 Ke6 52. Bc4 Kd7 53. Kb6
Kc8 54. a6 bxa6 55. Kc6 Bb8 56. Ne7+ Kd8 57. Nxg6 h3 58. Bxa6 Ng4 59. Bf1 h2 60.
Bg2 Ne3 61. Bh1 Nf1 62. Bg2 Ng3 63. Kd5 Kd7 64. Ne5+ Bxe5 65. fxe5 Ke7 66. e6
Kf6 67. e7 Kxe7 68. Ke5 Kf7 69. Kf4 Nf1 70. Kf3 Kf6 71. Kf2 Nd2 72. Kg3 Nf1+ 73.
Kf2 Nd2 74. Kg3 Kg5 75. Kxh2 Kf4 76. Bh3 Nf3+ 77. Kh1 Nd4 78. Bxf5 Nxf5 1/2-1/2

[Event "Moscow Open G Student w 2014"]
[Site "Moscow RUS"]
[Date "2014.02.03"]
[Round "3.2"]
[White "Saulina, Varvara"]
[Black "Daulyte, Deimante"]
[Result "1-0"]
[WhiteTitle "WFM"]
[BlackTitle "WGM"]
[WhiteElo "2227"]
[BlackElo "2355"]
[WhiteFideId "4194950"]
[BlackFideId "12802859"]
[EventDate "2014.02.01"]

1. e4 c5 2. Ne2 Nc6 3. Nbc3 g6 4. d4 cxd4 5. Nxd4 Bg7 6. Nb3 Nf6 7. g3 d6 8. Bg2
Bg4 9. f3 Be6 10. O-O h5 11. Be3 Ne5 12. Bf2 Rc8 13. Nd4 Bd7 14. Nd5 h4 15. a4
Nxd5 16. exd5 hxg3 17. hxg3 Bf6 18. b3 Kf8 19. Qd2 Kg7 20. g4 Kf8 21. g5 Bg7 22.
Rae1 Bh3 23. Qf4 Qd7 24. Qg3 Bxg2 25. Qxg2 Rc5 26. c4 Nd3 27. Re4 Nxf2 28. Kxf2
Bxd4+ 29. Rxd4 Qf5 30. Re4 Rh5 31. Rh1 Rxg5 32. Rh8+ Kg7 33. Qh2 Rc8 34. Qh6+
Kf6 35. Rxc8 Qxc8 36. Qh4 Qc5+ 37. Ke2 e5 38. Rg4 1-0

[Event "Moscow Open G Student w 2014"]
[Site "Moscow RUS"]
[Date "2014.02.03"]
[Round "3.3"]
[White "Tomnikova, Lidia"]
[Black "Gvanceladze, Anna"]
[Result "1-0"]
[WhiteTitle "WFM"]
[BlackTitle "WFM"]
[WhiteElo "2195"]
[BlackElo "2217"]
[WhiteFideId "4113110"]
[BlackFideId "4113721"]
[EventDate "2014.02.01"]

1. e4 c6 2. d4 d5 3. Nc3 dxe4 4. Nxe4 Bf5 5. Ng3 Bg6 6. h4 h6 7. Nf3 Nd7 8. h5
Bh7 9. Bd3 Bxd3 10. Qxd3 e6 11. Bf4 Bb4+ 12. c3 Be7 13. O-O-O Ngf6 14. Kb1 O-O
15. Ne5 c5 16. Ne4 cxd4 17. Qxd4 Nxe5 18. Qxe5 Qb6 19. Bxh6 Ne8 20. Be3 Qc6 21.
f3 f6 22. Qg3 f5 23. Ng5 Bxg5 24. Qxg5 e5 25. h6 f4 26. hxg7 Nxg7 27. Rh6 Qc8
28. Rg6 Qf5+ 29. Qxf5 Rxf5 30. Bf2 b6 31. Bh4 Raf8 32. Rdd6 Rh5 33. Rg4 Rf7 34.
Rdg6 Kh7 35. R6g5 Kh6 36. Rxh5+ Kxh5 37. Bf6 Rxf6 38. Rxg7 a6 39. Kc2 Rd6 40.
Kb1 Rf6 41. Kc2 Rd6 42. Re7 Rg6 43. Rxe5+ Kh4 44. Re2 Kg3 45. c4 Kh2 46. b4 Kg3
47. Kc3 Rc6 48. Kd4 Rd6+ 49. Ke5 Rc6 50. Kd4 Rd6+ 51. Ke5 Rd8 52. Rc2 Re8+ 53.
Kd6 Rd8+ 54. Kc7 Rd1 55. Kxb6 Rg1 56. c5 1-0

[Event "Moscow Open G Student w 2014"]
[Site "Moscow RUS"]
[Date "2014.02.03"]
[Round "3.4"]
[White "Vasilevich, Irina"]
[Black "Muminova, Nafisa"]
[Result "0-1"]
[WhiteTitle "IM"]
[BlackTitle "WGM"]
[WhiteElo "2365"]
[BlackElo "2301"]
[WhiteFideId "4141296"]
[BlackFideId "14201526"]
[EventDate "2014.02.01"]

1. b3 e5 2. Bb2 Nc6 3. e3 Nf6 4. Bb5 d6 5. Ne2 Bd7 6. O-O Be7 7. d3 O-O 8. e4
Re8 9. c4 Bf8 10. Bxc6 bxc6 11. Nd2 d5 12. Ng3 Bd6 13. Rc1 Qe7 14. Re1 d4 15.
Nf5 Qf8 16. h3 Bb4 17. Ng3 a5 18. Rf1 Bd6 19. f4 exf4 20. Ne2 c5 21. Nxf4 Ra6
22. Rc2 Be5 23. Bc1 Qd6 24. Nb1 a4 25. Rcf2 axb3 26. axb3 Ra1 27. Nd2 Rea8 28.
Nd5 Be6 29. Nxf6+ Bxf6 30. Rxf6 gxf6 31. Rxf6 Qe5 32. Rf1 R8a2 33. Qe1 Rc2 34.
Nf3 Qg7 0-1

[Event "Moscow Open G Student w 2014"]
[Site "Moscow RUS"]
[Date "2014.02.03"]
[Round "3.5"]
[White "Arabidze, Meri"]
[Black "Severina, Maria"]
[Result "1-0"]
[WhiteTitle "WGM"]
[BlackTitle "WIM"]
[WhiteElo "2374"]
[BlackElo "2210"]
[WhiteFideId "13604040"]
[BlackFideId "4116909"]
[EventDate "2014.02.01"]

1. d4 Nf6 2. c4 e6 3. Nf3 b6 4. a3 Bb7 5. Nc3 d5 6. cxd5 Nxd5 7. Qa4+ Qd7 8. Qc2
Be7 9. Nxd5 Bxd5 10. Ne5 Qc8 11. Qa4+ Kf8 12. Bf4 f6 13. Nd3 c5 14. dxc5 bxc5
15. e4 Bb7 16. Rc1 Nd7 17. f3 Nb6 18. Qa5 c4 19. b3 e5 20. Be3 Bc6 21. bxc4 g5
22. c5 Nd7 23. Nb4 Rb8 24. Kf2 1-0

[Event "Moscow Open G Student w 2014"]
[Site "Moscow RUS"]
[Date "2014.02.04"]
[Round "4.1"]
[White "Wang, Jue"]
[Black "Severina, Maria"]
[Result "1-0"]
[WhiteTitle "WGM"]
[BlackTitle "WIM"]
[WhiteElo "2386"]
[BlackElo "2210"]
[WhiteFideId "8604070"]
[BlackFideId "4116909"]
[EventDate "2014.02.01"]

1. e4 e5 2. Nf3 Nc6 3. Bb5 a6 4. Ba4 Nf6 5. d3 d6 6. c3 g6 7. Bg5 Bg7 8. Nbd2
O-O 9. O-O h6 10. Bh4 b5 11. Bc2 Re8 12. a4 Bb7 13. b4 Ne7 14. Bb3 Nc8 15. Qc2
Nb6 16. a5 Nbd7 17. Qa2 Qe7 18. Rfe1 c5 19. Nf1 cxb4 20. cxb4 d5 21. Qd2 dxe4
22. dxe4 Bxe4 23. Rxe4 Nxe4 24. Qc2 Ndf6 25. Bxf6 Nxf6 26. Qxg6 Nd7 27. Ng3 Qf6
28. Qe4 Qf4 29. Qb7 Qxb4 30. Bxf7+ Kxf7 31. Qxd7+ Qe7 32. Qf5+ Qf6 33. Qe4 Rac8
34. Rd1 Red8 35. Re1 Kg8 36. Nh5 Qf7 37. Nxg7 Qxg7 38. Nxe5 Re8 39. f4 Rcd8 40.
h3 Rd2 41. Kh2 h5 42. Qc6 Kh7 43. Qf3 Rf8 44. Qe4+ Kg8 45. Ng6 Rfd8 46. Re3 R2d4
47. Qe6+ Kh7 48. Qf5 Qxg6 49. Re7+ Kh6 50. Re6 Rg8 51. Qg5+ Kh7 52. Rxg6 Rxg6
53. Qxh5+ Rh6 54. Qf7+ Kh8 55. Qe8+ Kh7 56. Qe7+ Kg8 57. f5 Rdd6 58. g4 Rd2+ 59.
Kg3 Rd3+ 60. Kf4 Rdxh3 61. f6 Rg6 62. f7+ 1-0

[Event "Moscow Open G Student w 2014"]
[Site "Moscow RUS"]
[Date "2014.02.04"]
[Round "4.2"]
[White "Muminova, Nafisa"]
[Black "Arabidze, Meri"]
[Result "1/2-1/2"]
[WhiteTitle "WGM"]
[BlackTitle "WGM"]
[WhiteElo "2301"]
[BlackElo "2374"]
[WhiteFideId "14201526"]
[BlackFideId "13604040"]
[EventDate "2014.02.01"]

1. e4 c5 2. Nf3 d6 3. d4 cxd4 4. Nxd4 Nf6 5. Nc3 a6 6. Bc4 e6 7. Bb3 Be7 8. O-O
b5 9. a3 O-O 10. Be3 Qc7 11. f4 Nbd7 12. f5 e5 13. Nde2 Bb7 14. Ng3 Rac8 15. Rc1
Nc5 16. Bd5 Bxd5 17. Nxd5 Nxd5 18. Qxd5 Qc6 19. Qxc6 Rxc6 20. c3 Nb3 21. Rcd1 f6
22. Rd5 Na5 23. Rfd1 Nc4 24. Bc1 Kf7 25. Kf2 g6 26. h4 Rd8 27. h5 g5 28. Nf1 Nb6
29. R5d3 Na4 30. Rd5 Nc5 31. Re1 Rb8 32. Kf3 a5 33. Bd2 Na4 34. Rb1 Rc5 35. Ne3
Nb6 36. Rd3 Rd8 37. Nd5 Nxd5 38. Rxd5 Rxd5 39. exd5 Rc8 40. Be3 Bd8 41. Rc1 a4
42. Ke2 Rc4 43. g3 Ke7 44. Kd3 Ba5 45. Bf2 Kd7 46. Re1 Rc8 47. Re4 Rb8 48. Be3
h6 49. Bc1 1/2-1/2

[Event "Moscow Open G Student w 2014"]
[Site "Moscow RUS"]
[Date "2014.02.04"]
[Round "4.3"]
[White "Gvanceladze, Anna"]
[Black "Vasilevich, Irina"]
[Result "1-0"]
[WhiteTitle "WFM"]
[BlackTitle "IM"]
[WhiteElo "2217"]
[BlackElo "2365"]
[WhiteFideId "4113721"]
[BlackFideId "4141296"]
[EventDate "2014.02.01"]

1. d4 d5 2. c4 e6 3. Nf3 Nd7 4. Nc3 Ngf6 5. Bg5 Be7 6. e3 h6 7. Bh4 O-O 8. Bd3
dxc4 9. Bxc4 a6 10. a4 c5 11. O-O cxd4 12. exd4 Nb6 13. Ba2 Bd7 14. Bb1 Nbd5 15.
Ne5 Bc6 16. Qd2 Rc8 17. Rd1 Re8 18. f4 Qb6 19. Bf2 Bb4 20. Nxd5 Bxd5 21. Qe3 Be7
22. Qe2 Qa5 23. g4 Bb3 24. Rf1 Bd6 25. Bd3 Bxe5 26. fxe5 Nd7 27. g5 Qd8 28. Be3
Nf8 29. gxh6 g6 30. Rf3 Qh4 31. Rg3 Bd5 32. Qf2 Qh5 33. Qf6 1-0

[Event "Moscow Open G Student w 2014"]
[Site "Moscow RUS"]
[Date "2014.02.04"]
[Round "4.4"]
[White "Daulyte, Deimante"]
[Black "Tomnikova, Lidia"]
[Result "1-0"]
[WhiteTitle "WGM"]
[BlackTitle "WFM"]
[WhiteElo "2355"]
[BlackElo "2195"]
[WhiteFideId "12802859"]
[BlackFideId "4113110"]
[EventDate "2014.02.01"]

1. e4 e5 2. Nf3 Nc6 3. Bb5 a6 4. Ba4 Nf6 5. O-O Be7 6. d3 b5 7. Bb3 d6 8. a3 O-O
9. Nc3 Bg4 10. Be3 Nd4 11. Bxd4 exd4 12. Nd5 Nxd5 13. Bxd5 Rc8 14. h3 Bxf3 15.
Qxf3 c6 16. Bb3 Qd7 17. Qh5 d5 18. exd5 cxd5 19. Rfe1 Bf6 20. a4 b4 21. Bxd5
Rxc2 22. Bc4 Rxb2 23. Bxa6 Qd6 24. Bc4 Qf4 25. Qxf7+ 1-0

[Event "Moscow Open G Student w 2014"]
[Site "Moscow RUS"]
[Date "2014.02.04"]
[Round "4.5"]
[White "Soloviova, Liza"]
[Black "Saulina, Varvara"]
[Result "0-1"]
[WhiteTitle "WGM"]
[BlackTitle "WFM"]
[WhiteElo "2308"]
[BlackElo "2227"]
[WhiteFideId "14117665"]
[BlackFideId "4194950"]
[EventDate "2014.02.01"]

1. Nf3 c5 2. d3 Nc6 3. c3 g6 4. g3 Bg7 5. Bg2 f5 6. e4 Nf6 7. e5 Ng4 8. d4 cxd4
9. cxd4 Qa5+ 10. Nc3 Qa6 11. h3 Nh6 12. d5 Nb4 13. Bf1 Qa5 14. a3 Nf7 15. Be3
Na6 16. Bd4 O-O 17. Bc4 e6 18. O-O g5 19. Qe2 h5 20. Nd2 g4 21. hxg4 hxg4 22. f4
gxf3 23. Nxf3 Qd8 24. Kg2 Nc7 25. d6 Na6 26. b4 Nb8 27. b5 a6 28. a4 b6 29. Rh1
Bb7 30. Kf2 Nh6 31. Rh4 Ng4+ 32. Kg1 axb5 33. Bxb5 Nc6 34. Bxc6 Bxc6 35. Nh2
Nxh2 36. Kxh2 Qg5 37. Be3 Qg6 38. Bf4 Kf7 39. Qf2 Rh8 40. Nd1 Rxa4 41. Rxa4
Rxh4+ 42. gxh4 Bxa4 43. Ne3 Bc6 44. Qe2 b5 45. h5 Qh7 46. Ng2 Bh6 47. Qd2 Bg7
48. h6 Bf8 49. Nh4 Qg8 50. Bg5 Be4 51. Bf6 b4 52. h7 Qxh7 53. Qxb4 Bh6 54. Qa4
Bc6 55. Qc4 Be3 56. Qe2 Qh6 57. Kh3 Bd4 58. Qd3 Qf4 59. Qe2 Qh6 60. Qd3 Bc5 61.
Be7 Qc1 62. Qe2 Qh1+ 63. Kg3 Qg1+ 64. Kh3 Kg8 65. Qd2 Qg4+ 66. Kh2 Bg1# 0-1

[Event "Moscow Open G Student w 2014"]
[Site "Moscow RUS"]
[Date "2014.02.05"]
[Round "5.1"]
[White "Saulina, Varvara"]
[Black "Wang, Jue"]
[Result "0-1"]
[WhiteTitle "WFM"]
[BlackTitle "WGM"]
[WhiteElo "2227"]
[BlackElo "2386"]
[WhiteFideId "4194950"]
[BlackFideId "8604070"]
[EventDate "2014.02.01"]

1. e4 c5 2. Ne2 Nf6 3. Nbc3 d6 4. d4 cxd4 5. Nxd4 a6 6. Be3 e5 7. Nf3 Be7 8. Bc4
O-O 9. Bg5 Be6 10. Bxe6 fxe6 11. Bxf6 Bxf6 12. Qd3 Nc6 13. O-O-O Be7 14. h4 Rc8
15. Kb1 h6 16. g4 Qe8 17. Rh3 g6 18. Qe3 Kg7 19. Nd2 Nd4 20. Nb3 Nxb3 21. axb3
Qc6 22. Rd2 b5 23. Ne2 Bd8 24. f3 Ba5 25. c3 b4 26. Kc2 bxc3 27. bxc3 Rb8 28.
Rh1 Rxb3 29. Kxb3 Rb8+ 30. Kc2 Qa4+ 31. Kd3 Qb5+ 32. Kc2 Qb3+ 33. Kd3 Bb6 34.
Rb2 Qxb2 35. Qd2 Qb5+ 36. c4 Qc5 37. Ra1 Qf2 38. Kc2 Bc5 39. Rxa6 Qf1 40. Nc3
Qxc4 41. Rc6 Qb3+ 42. Kd3 Qb7 0-1